000 00269nam a22001217a 4500
008 181207b xxu||||| |||| 00| 0 eng d
041 _aeng
080 _a510
100 _a37
101 _aMAT
245 _aModern Projective Geometry
_cRobert.J.B
942 _2udc
_cBK
999 _c52981
_d52981